Kraje znajdujące się w Europie jak i w Azji - Statystyki

Ogólne statystyki
  • Ten quiz został rozwiązany 147 razy
  • Średni wynik to 5 z 8
Statystyki odpowiedzi
Odpowiedź % Poprawnych
Rosja
96%
Turcja
92%
Kazachstan
73%
Gruzja
71%
Cypr
65%
Azerbejdżan
48%
Izrael
40%
Egipt
11%
Nie znaleziono quizów pasujących do podanych kryteriów
Rozkład punktacji
Procent ludzi z każdym wynikiem
Percentyl według liczby udzielonych odpowiedzi
Twoja historia wyników
Nie rozwiązałeś tego quizu